000 00477ngm a2200169 i 4500
001 C2-0318715
003 PPAK
005 20180727221303.0
008 121014s2005 xxu|||| ||||| | vleng d
040 _aPPAK
_beng
_cPPAK
_erda
245 1 0 _aBiography : thurgood marshall
_bjustice for all
264 1 _aUnited States :
_bA&E Television Networks ,
_c2005
336 _2rdacontent
_atext
337 _2rdamedia
_aunmediated
338 _2rdacarrier
_avolume
942 _2ddc
_cDVD
999 _c167040
_d167040